Stanislav Balko

Bibliographic Details
Main Author: Kucharová-Frkáňová, Irena (Author)
Format: Article
Language:Slovak
Subjects:

MARC

LEADER 00000nab a2200000 a 4500
001 vtls000138415
003 SK-MaSNL
005 20260304061550.0
008 250422c1982 xo 0 slo
015 |a SNBRB19rr/mm-uuuuu 
035 |a CL0148521 
035 |a urn:nbn:sk:snk-ab3oj 
035 |a (urnnbn)urn:nbn:sk:snk:ar-0054vu 
035 |a (uuid)dfa71c40-b8e5-4b22-ad3b-aec609606aa5 
040 |a SNKBUCL  |b slo  |c SNKBUCL  |e AACR2 
041 0 |a slo 
044 |a xo  |c SK 
080 |a 75.071.1  |2 1981 
080 |a 929 Balko, Stanislav  |2 1981 
080 |a 76.071.1  |2 1981 
100 1 |a Kucharová-Frkáňová, Irena  |4 aut  |9 929784 
245 1 0 |a Stanislav Balko  |c Irena Kucharová-Frkáňová 
300 |b Obr. 4. 
600 1 7 |a Balko, Stanislav,  |d 1943-  |2 snkbucl  |9 92210 
655 7 |a články z novín a časopisov  |2 snkbucl  |9 267496 
773 0 |t Výtvarný život  |g Roč. 27, č. 10 (1982), s. 34-35 
850 |a Slovenská národná knižnica 
852 |a Slovenská národná knižnica 
954 |a odborná, vedecká literatúra pôvodná (slovenská)  |2 lita 
958 |a article27 
958 |a BX 
958 |a RK 
958 |a OND 
958 |a EUIPO 
992 |a RBX 
999 |c 2733721  |d 2735651